000 00591nam a22001697a 4500
005 20251108164712.0
008 250721s1981 xx 000 0 ara d
082 1 4 _a811.2009/حمد
100 1 _aأبو حمدة، محمد علي
245 1 0 _aفي التذوق الجمالي لقصيدة بانت سعاد لكعب بن زهير في مدح الرسول /
264 1 _aعمان :
_bالجامعة الأردنية،
_c1981.
300 _a51 ص.
490 0 _aالنقد الأدبي التطبيقي ؛1
650 1 7 _aالشعر المخضرم
942 _2ddc
_cBK
999 _c12235
_d12235